000 00630nam a22001937a 4500
005 20250114123401.0
010 _aENG-143386
020 _c3495.00
_a9789395116893
035 _aEN-126918
037 _bDBAD
082 _a346.540666
100 _aKothari, Vinod
_976535
245 0 0 _aSecuritisation, Asset Reconstruction and Enforcement of Security Interests/
_cby Vinod Kothari
250 _a7
260 _aGurgaon
_bLexis Nexis
_c2024
270 _a14th Floor, Bldg. No.10, Tower-B, DLF Cyber City, Phase-II
_bGurgaon
_e122002
300 _acxxxiv,1484p.
_c24cm(Hb)
942 _2ddc
_cEN
_mVAR
_h346.540666
999 _c208466
_d208466